书目信息 |
| 题名: |
教育工会工作理论与实践
|
|
| 作者: | 康健 主编 | |
| 分册: | ||
| 出版信息: | 佳木斯 中国教育工会佳工斯市委员会 19?? |
|
| 页数: | 218页 | |
| 开本: | 20cm | |
| 丛书名: | ||
| 单 册: | ||
| 中图分类: | D412.6 | |
| 科图分类: | ||
| 主题词: | 工人运动 , 工人群众组织 | |
| 电子资源: | ||
| ISBN: | ||
| 000 | 00538nam0 2200181 450 | |
| 001 | 0753303345 | |
| 005 | 20070804173140.21 | |
| 100 | @a20070804d19 km y0chiy0120 ea | |
| 101 | 0 | @achi |
| 200 | 1 | @a教育工会工作理论与实践@Ajiao yu gong hui gong zuo li lun yu shi jian@f康健主编@Fkang jian zhu bian |
| 210 | @a佳木斯@c中国教育工会佳工斯市委员会@d19?? | |
| 215 | @a218页@d20cm | |
| 606 | 0 | @a工人运动 |
| 606 | 0 | @a工人群众组织 |
| 690 | @aD412.6@v3 | |
| 701 | 0 | @a康健@Akang jian@4主编 |
| 801 | 0 | @aCN@bPFT@c20070804 |
| 905 | @a10447@dD412.6@e32 | |
| 教育工会工作理论与实践/康健主编.-佳木斯:中国教育工会佳工斯市委员会,19?? |
| 218页;20cm |
| ISBN : |
| ● |
| 相关链接 |
|
|
|
|
正题名:教育工会工作理论与实践
索取号:D412.6/32
 
预约/预借
| 序号 | 登录号 | 条形码 | 馆藏地/架位号 | 状态 | 备注 |
| 1 | 0791393 | 207913935 | 第一样本阅览室/ [索取号:D412.6/32] | 在馆 |